000 00594nam a2200193 i 4500
001 58397
003 ES-MaACL
005 20251012212309.0
007 t|
008 031022s1910 be af |||| |bfre d
100 1 _aDurand-Grèville, E.
_946267
245 1 0 _aHubert et Jean Van Eyck /
_cE. Durand-Grèville.
260 _aBruxelles :
_b[s.n.,
_c1910] (
_fImp. J. E. Buschmaun)
300 _a192 p., 77 lám. ;
_c28 cm.
600 1 7 _aEyck, Hubert van,
_d1366-1426
_2
_9150509
600 1 7 _aEyck, Jan van,
_d1390-1440
_2
_9150508
852 _aES-MaACL
_jF-295
999 _c58397
_d58397